000 01298nam a2200313 i 4500
001 18409
003 ES-MaACL
005 20250823100550.0
007 t|
008 011227m19721993sp ||||1| spa d
020 _a84-7090-085-4
080 _a78(091)
245 0 0 _aHistoria general de la música /
_cAlec Robertson... [et al. ; dirigido por Alec Robertson y Denis Stevens].
260 _aMadrid :
_bIstmo,
_c1972-1993.
300 _a4 v. :
_bil. ;
_c18 cm.
490 1 _aFundamentos ;
_v5-7, 59
500 _aIndice onomástico de la obra completa en vol. 4.
505 8 _aContiene: V. 1. Antiguas formas de polifonía / [traducción, María del Pilar Ganose] -- v. 2. Desde el Renacimiento hasta el Barroco / [traducción, Armando Ocano] -- v. 3. Desde el Clasicismo hasta el siglo XX / [traducción, Aníbal Froufe] -- v. 4. El siglo XX / Tomás Marco
650 4 _aMúsica-
_vHistoria
_915391
700 1 _aRobertson, Alec.
_997846
700 1 _aStevens, Denis.
_9108154
700 1 _aMarco, Tomás.
_976471
700 1 _aGanose, María del Pilar.
_953875
700 1 _aOcano, Armando.
_986452
700 1 _aFroufe, Aníbal.
_952758
830 0 0 _aFundamentos (Ediciones Istmo)
_v5-7, 59
_9121682
852 _aES-MaACL
_jC-42866-9
_bR.82556
999 _c18409
_d18409